00774pam a2200253 a 4500001000800000005001700008008004100025010001700066020001500083040001800098041000800116043001200124080001100136082001800147100000600165101000800171245009300179504003000272740003100302906004500333942001200378999001700390952011300407138953320180118052610.0821227s1983 nyua b 001 0 eng  a 82024474  a0121287505 aDLCcDLCdDLC aeng ae-sw--- a304.6 00a304.6 BRE2191 a5 aSTO10aAge, time, and fertility :cby Mary B. Breckenridge ; with an appendix by John W. Tukey. aBibliography: p. 299-304.0 aExploratory data analysis. a7bcbccorignewd1eocipf19gy-gencatlg 2ddccBK c40465d40465 00102udc40708PËKGa002b002cPËKGd2018-01-18l0o304.6 BREp002-2995827r2018-01-18w2018-01-18yBK